00555nam a22001937a 450000500170000001000150001702000180003203500140005003700090006408200140007310000260008724500580011326000380017127000740020930000210028370000100030494200280031499900190034220250903121604.0 aENG-146594 a9788195587858 aEN-130126 bDBAD a659.10954 aJain,Jyotindra984570 aThe Story of Early Indian AdvertisingcJain Jyotindra aMumbaibThe Marg Foundationc2025 bMumbaiaArmy & Navy Building (3rd Floor), 148,M.G.Road,Mumbaie400001 a109p.c25cm(pbk) 984533 2ddccENh659.10954mJAI c213279d213279